| 000 | 00515cam a2200169u 4500 | ||
|---|---|---|---|
| 082 |
_a624 _bKHU _cL-40, p-19 |
||
| 100 |
_aKhurmi.S.R , Gupta. J.K. _942249 |
||
| 245 | 1 | 0 |
_aCivil Engineering (Objective Type) _cNew Delhi |
| 250 | _a3rd | ||
| 260 |
_aNew Delhi _bR S.Khurmi. , J.K.Gupta. _c1988 |
||
| 300 |
_ax, 490 p. _billus., diagrs. _c21 x 12 cm. |
||
| 526 |
_a0 _b0 _c0 _d624_000000000000000_KHU |
||
| 526 |
_a0 _b1 _c0 _d624_000000000000000_KHU |
||
| 650 | 0 | _aEngineering | |
| 650 | 0 |
_aMCE _9379 |
|
| 942 |
_2ddc _cBK |
||
| 999 |
_c546170 _d546170 |
||